Statistics for A Song of Ice and Fire (Game of Thrones) Geography - South of Valyria

Click here to take the quiz!

General Stats

  • This quiz has been taken 44 times
  • The average score is 7 of 48

Answer Stats

HintAnswer% Correct
Summer IslesLarge archipelago in the Summer SeaThe Summer Isles
84%
Naath"Mysterious" island to the north-west of the southern continentNaath
73%
SothoryosMysterious and hostile continent south of EssosSothoryos
65%
Translator in Daenerys Targaryen's service who hails from this islandMissandei
51%
Basilisk IslesInfamous archipelago of corsairs, pirates, and the "worst of humanity" that lies north of the southern continentThe Basilisk Isles
43%
Due to their diets and treatment of animals, this isle's inhabitants would be considered what in the real world?Vegans
38%
Biome that dominates the little-known continentJungle
35%
Common nickname of this islandIsle of Butterflies
24%
"Most terrible" of the known beasts of this continent, a species which it is speculated is a forebear to dragonsWyverns
24%
Disease believed to be transmitted by indigenous butterfliesButterfly Fever
19%
Name of the savage race of jungle-dwellers that are the only native inhabitants of Sothoryos; some say their brutality drove out other, now-forgotten racesThe Brindled Men
19%
Mysterious and ominous abandoned city that lies inland from the above cityYeen
19%
Island of a giant idol of a malignant toad, some inhabitants of which may be descended from a people of the Dawn AgeIsle of Toads
16%
Free city whose people have been persistent in razing the pirate population here over the centuriesVolantis
16%
Item which adorns many garments, especially those of priests and priestessesFeathers
14%
Horrific city founded by the Old Empire of Ghis, and later captured by ValyriaGogossos
14%
Malicious beasts after which the northwestern peninsula is namedBasilisks
11%
Principal town of this archipelagoTall Trees Town
11%
Ruined city raised by the Ghiscari at the mouth of the major riverZamettar
11%
Home of Nymeria and her followers for over two yearsIsle of Women
8%
Island on which the skulls of pirates' enemies are left in offering to an unknown dark godSkull Island
8%
Type of ships for which these isles are famedSwan Ships
8%
Nickname of the island's inhabitantsThe Peaceful People
8%
Native wood from which infamously powerful longbows are madeGoldenheart
5%
Valyrian dragonrider who flew farther south than anyone before her, only to proclaim this continent "a land without end"Jaenara Belaerys
5%
Island of mapmakers and the Pearl PalaceKoj
5%
Places of worship in which revered acts of carnal pleasure are performedTemples of Love
5%
The dragon she rodeTerrax
5%
Wild and dangerous region of thick jungle south of all coloniesThe Green Hell
5%
Name of the plague that emerged from the above city; it caused blood to seep from every orifice, and skin to shred "like wet parchment"The Red Death
5%
Island termed "The Demon Isle" by Ghiscari sailorsWalano
5%
Another island upon which ruins hint at an ancient civilisationAx Island
3%
"Brotherhood" of corsairs who settled these isles soon after the above QartheenBrotherhood of Bones
3%
Another colony founded by the GhiscariGorosh
3%
Largest of these islandsIsle of Tears
3%
Largest island of this archipelagoJhala
3%
Town of a great harbourLast Lament
3%
Name of the island's godLord of Harmony
3%
Island known for its "old red men"Omboru
3%
Major settlement of these isles which is routinely destroyed and re-erected in different locationsPort Plunder
3%
Lysene captain who turned pirate during a raid he led on these islesSaathos Saan
3%
Wars against aggressive conquistadors which followed the "Years of Shame"Slavers' Wars
3%
Isle whose northern face is carved into a god's visageStone Head
3%
Tower trees on whose trunks are carved the stories of the islesTalking Trees
3%
Group of islands whose peaks 'sing' in the windThe Singing Stones
3%
Warrior Princess who united the islands against these enemiesXanda Qo
3%
Qartheen pirate who was the first to settle these isles after the plagueXandarro Xhore
3%
Great river which runs through this continentZamoyos
3%

Score Distribution

Percentile by Number Answered

Percent of People with Each Score

Your Score History

You have not taken this quiz